000
00279nam a22001217a 4500
008
171201b xxu||||| |||| 00| 0 eng d
041
_a
eng
080
_a
53
100
_a
43
101
_a
FIZ
245
_a
HANDBOOK OF LASER SCIENCE AND TECHNOLOGY
_c
WEBER, M.J
942
_2
udc
_c
BK
999
_c
38708
_d
38708